000 00695cam a22002771i 4500
999 _c3845
_d3845
001 2455295
003 Nust
005 20170105101226.0
008 730213s1951 nyua b 000 0 eng
010 _a 51002414
035 _a(OCoLC)228898
035 _a(OCoLC)ocm00228898
035 _a(NNC)2455295
040 _aS3H
_c0
050 0 _aHD31
_b.D38
082 _a658
090 _aHD31
_b.D34
100 1 _aDean, Joel,
_d1906-1979.
245 1 0 _aManagerial economics.
260 _aNew York,
_bPrentice-Hall,
_c1951.
300 _axiv, 621 p.
_bdiagrs.
_c24 cm.
504 _aBibliographical footnotes.
650 0 _aManagerial economics.
942 _2ddc
_cBK